<?xml version="1.0" encoding="UTF-8"?>
<record
    xmlns:xsi="http://www.w3.org/2001/XMLSchema-instance"
    xsi:schemaLocation="http://www.loc.gov/MARC21/slim http://www.loc.gov/standards/marcxml/schema/MARC21slim.xsd"
    xmlns="http://www.loc.gov/MARC21/slim">

  <leader>00668nab a2200217uuc4500</leader>
  <controlfield tag="001">962603</controlfield>
  <controlfield tag="005">20241003090328.0</controlfield>
  <controlfield tag="008">060208e20020601                    spa  </controlfield>
  <datafield tag="035" ind1=" " ind2=" ">
    <subfield code="a">962603</subfield>
  </datafield>
  <datafield tag="035" ind1=" " ind2=" ">
    <subfield code="a">(OCoLC)820343693</subfield>
  </datafield>
  <datafield tag="040" ind1=" " ind2=" ">
    <subfield code="c">comduadb</subfield>
  </datafield>
  <datafield tag="041" ind1=" " ind2=" ">
    <subfield code="a">spa</subfield>
  </datafield>
  <datafield tag="100" ind1="1" ind2="0">
    <subfield code="a">Marc Fischer, Jean</subfield>
    <subfield code="4">aut</subfield>
    <subfield code="e">aut</subfield>
    <subfield code="9">553097</subfield>
  </datafield>
  <datafield tag="245" ind1="1" ind2="0">
    <subfield code="a">Travesia de un pensamiento</subfield>
  </datafield>
  <datafield tag="600" ind1="1" ind2="4">
    <subfield code="a">Arendt, Hannah,</subfield>
    <subfield code="d">1906-1975</subfield>
    <subfield code="x">Cr&#xED;tica e interpretaci&#xF3;n</subfield>
    <subfield code="9">856796</subfield>
  </datafield>
  <datafield tag="650" ind1=" " ind2=" ">
    <subfield code="a">Acci&#xF3;n humanitaria</subfield>
    <subfield code="9">153356</subfield>
  </datafield>
  <datafield tag="650" ind1=" " ind2="7">
    <subfield code="a">Dignidad</subfield>
    <subfield code="2">lemb</subfield>
    <subfield code="9">19332</subfield>
  </datafield>
  <datafield tag="650" ind1=" " ind2="7">
    <subfield code="a">Igualdad</subfield>
    <subfield code="2">lemb</subfield>
    <subfield code="9">41947</subfield>
  </datafield>
  <datafield tag="773" ind1="0" ind2=" ">
    <subfield code="t">Al Margen (Bogot&#xE1;)</subfield>
    <subfield code="g">No. 02, Jun. 2002, p. 70-78</subfield>
    <subfield code="w">961545</subfield>
    <subfield code="x">1657-7310</subfield>
    <subfield code="0">379066</subfield>
  </datafield>
  <datafield tag="942" ind1=" " ind2=" ">
    <subfield code="c">ARIMP</subfield>
  </datafield>
  <datafield tag="999" ind1=" " ind2=" ">
    <subfield code="c">379706</subfield>
    <subfield code="d">379706</subfield>
  </datafield>
</record>
